Revista de la Comisión Nacional del V Centenario del Descubrimiento de América /

Gorde:
Xehetasun bibliografikoak
Erakunde egilea: Comisión Nacional Del V Centerario del Descubrimiento de América
Formatua: Ezezaguna
Argitaratua: San José, Costa Rica: MULTIPRINT
Gaiak:
Etiketak: Etiketa erantsi
Etiketarik gabe, Izan zaitez lehena erregistro honi etiketa jartzen!

MARC

LEADER 00000 a2200000 04500
001 45538
003 cru CIDCACS/IIS
005 20200925160948.0
008 991231s d
020 |a [sin ISBN]  
040 |c CRAI/IIS  |a CRAI/IIS 
090 |a HI05.01.01 C733r  
110 |a Comisión Nacional Del V Centerario del Descubrimiento de América  
245 |a Revista de la Comisión Nacional del V Centenario del Descubrimiento de América /  
260 |a San José, Costa Rica:   |b MULTIPRINT  
300 |a 41 páginas  
650 |a ARQUEOLOGIA  
650 |a AMERICA  
650 |a SITIOS ARQUEOLOGICOS  
650 |a COSTA RICA  
942 |2 ddc  |c LI 
999 |c 18230  |d 18230